Art Nouveau
| Main Author: | |
|---|---|
| Format: | Book |
| Published: |
London :
Cassell Publishers Ltd ,
1987
|
| Subjects: |
MARC
| LEADER | 00000cam a2200000 7i4500 | ||
|---|---|---|---|
| 001 | 0000005737 | ||
| 002 | 000006202 | ||
| 005 | 20000330.0 | ||
| 020 | |a 0304321567 | ||
| 090 | 0 | 0 | |a 709.0349 |b BAR |
| 100 | 1 | |a Barilli, Renato | |
| 245 | 1 | 0 | |a Art Nouveau |c Renato Barilli |
| 260 | |a London : |b Cassell Publishers Ltd , |c 1987 | ||
| 300 | |a 153p. ; |c 18cm. | ||
| 650 | 0 | 0 | |a Art nouveau |z Europe |
| 999 | |a 037738 |b BUKU |c PINJAMAN |e PERPUSTAKAAN KOMUNITI PETALING JAYA | ||